Locally Manufacture Electric Wheel Chair Operated by Joystick (Record no. 58365)

MARC details
000 -LEADER
fixed length control field 00332nam a22001217a 4500
100 ## - MAIN ENTRY--AUTHOR NAME
Personal name Azhar Hussain Shah
100 ## - MAIN ENTRY--AUTHOR NAME
Personal name 06ME30
245 ## - TITLE STATEMENT
Title Locally Manufacture Electric Wheel Chair Operated by Joystick
260 ## - PUBLICATION, DISTRIBUTION, ETC. (IMPRINT)
Place of publication Nawabshah:
Name of publisher QUEST,
Year of publication 2006.
300 ## - PHYSICAL DESCRIPTION
Number of Pages 52p.
700 ## - ADDED ENTRY--PERSONAL NAME
Personal name Department of Mechanical Engineering
942 ## - ADDED ENTRY ELEMENTS (KOHA)
Koha item type Thesis and Dissertation
Holdings
Withdrawn status Lost status Home library Current library Date acquired Accession Number Koha item type
    Central Library, QUEST, Nawabshah Research Section 19/04/2018 MEP/20-231 Thesis and Dissertation